El cuidado pastoral : (Registro nro. 18484)
[ vista simple ]
| 000 -CABECERA | |
|---|---|
| campo de control de longitud fija | 00593nam a2200181 a 4500 |
| 001 - NÚMERO DE CONTROL | |
| campo de control | 000018966 |
| 005 - FECHA Y HORA DE LA ÚLTIMA TRANSACCIÓN | |
| campo de control | 20200929165906.0 |
| 008 - DATOS DE LONGITUD FIJA--INFORMACIÓN GENERAL | |
| campo de control de longitud fija | 100521s1986 xxu r 000 0 spa d |
| 020 ## - NÚMERO INTERNACIONAL ESTÁNDAR DEL LIBRO | |
| Número Internacional Estándar del Libro | 0311110452 |
| 040 ## - FUENTE DE LA CATALOGACIÓN | |
| Centro catalogador/agencia de origen | DO-SdBNP |
| Lengua de catalogación | spa |
| Centro/agencia transcriptor | BNPHU |
| 082 ## - NÚMERO DE LA CLASIFICACIÓN DECIMAL DEWEY | |
| Número de clasificación | xxx |
| Número de documento/Ítem | H638 |
| 049 ## - FONDOS LOCALES (OCLC) | |
| Fondos de biblioteca | BNGR |
| 100 1# - ENTRADA PRINCIPAL--NOMBRE DE PERSONA | |
| Nombre de persona | Hightower, James E. |
| 9 (RLIN) | 40806 |
| 245 13 - MENCIÓN DE TÍTULO | |
| Título | El cuidado pastoral : |
| Resto del título | desde la cuna hasta la tumba / |
| Mención de responsabilidad, etc. | James E. Hightower ; traducción Edgar Morales. |
| 260 ## - PUBLICACIÓN, DISTRIBUCIÓN, ETC. | |
| Lugar de publicación, distribución, etc. | Tennessee, Estados Unidos : |
| Nombre del editor, distribuidor, etc. | Casa Bautista de Publicaciones, |
| Fecha de publicación, distribución, etc. | 1986. |
| 300 ## - DESCRIPCIÓN FÍSICA | |
| Extensión | 171 p. ; |
| Dimensiones | 21 cm. |
| 700 1# - PUNTO DE ACCESO ADICIONAL--NOMBRE DE PERSONA | |
| Nombre de persona | Morales, Edgar, |
| Término indicativo de función/relación | tr. |
| 9 (RLIN) | 40807 |
| Estado de retiro | Estado de pérdida | Restricciones de uso | No para préstamo | Código de colección | Localización permanente | Ubicación/localización actual | Ubicación en estantería | Fecha de adquisición | Número de inventario | Total de préstamos | Signatura topográfica completa | Código de barras | Fecha visto por última vez | Precio válido a partir de | Tipo de ítem Koha |
|---|---|---|---|---|---|---|---|---|---|---|---|---|---|---|---|
| Monografías: Libros y Folletos | General | General | En catalogación | 21.05.2010 | LF1 | xxx H638 | 18966-10 | 25.06.2020 | 25.06.2020 | Préstamo en sala |
